[Event "Voronezh op-A 18th"]
[Site "Voronezh"]
[Date "2014.06.15"]
[Round "4"]
[White "Kruchev, Boris"]
[Black "Paravyan, David"]
[Result "0-1"]
[WhiteElo "2294"]
[BlackElo "2433"]
[PlyCount "76"]
[EventDate "2014.06.12"]
[EventType "swiss"]
[EventRounds "9"]
[EventCountry "RUS"]
[SourceTitle "CBM 160 Extra"]
[Source "ChessBase"]
[SourceDate "2014.07.01"]
[SourceVersion "1"]
[SourceVersionDate "2014.07.01"]
[SourceQuality "1"]

1. e4 c5 2. Nf3 d6 3. d4 cxd4 4. Nxd4 Nf6 5. Nc3 a6 6. Be2 e5 7. Nb3 Be7 8. Qd3 0-0 9. 0-0 Nbd7 10. Be3 b5 11. Rad1 Bb7 12. Bf3 b4 13. Ne2 a5 14. Rfe1 Qc7 15. c4 Rfc8 16. Nd2 Nc5 17. Qc2 a4 18. b3 axb3 19. axb3 Ra3 20. Ng3 Rca8 21. Nf5 Bf8 22. Bxc5 Qxc5 23. Qd3 Ra2 24. Ne3 Rb2 25. Rb1 Rxb1 26. Rxb1 Ra2 27. Rd1 g6 28. Ndf1 h5 29. h3 Qa7 30. Nc2 Nd7 31. Rc1 Qb6 32. g4 hxg4 33. hxg4 Bh6 34. Rb1 Nc5 35. Qe2 Ne6 36. Qd1 Ng5 37. Nfe3 Nh3+ 38. Kg2 Nxf2 0-1

[Event "RUS-ch Higher League 66th"]
[Site "Ekaterinburg"]
[Date "2013.06.29"]
[Round "9"]
[White "Vokarev, Sergey"]
[Black "Kruchev, Boris"]
[Result "1/2-1/2"]
[WhiteElo "2472"]
[BlackElo "2272"]
[PlyCount "93"]
[EventDate "2013.06.20"]
[EventType "swiss"]
[EventRounds "9"]
[EventCountry "RUS"]
[SourceTitle "CBM 155"]
[Source "ChessBase"]
[SourceDate "2013.07.16"]
[SourceVersion "1"]
[SourceVersionDate "2013.07.16"]
[SourceQuality "1"]

1. e4 e5 2. Nf3 Nc6 3. Bb5 a6 4. Bxc6 dxc6 5. Nc3 f6 6. d4 exd4 7. Qxd4 Qxd4 8. Nxd4 Bd7 9. Be3 0-0-0 10. 0-0-0 Ne7 11. Rd2 Ng6 12. Rhd1 Bb4 13. Nde2 Rhe8 14. a3 Bf8 15. f4 c5 16. Ng3 b5 17. h3 c4 18. Nd5 Bc6 19. f5 Bxd5 20. fxg6 Bg8 21. gxh7 Bxh7 22. Rxd8+ Rxd8 23. Rxd8+ Kxd8 24. Bf4 c3 25. Nf5 Kd7 26. Bh2 cxb2+ 27. Kxb2 c5 28. g4 Kc6 29. h4 a5 30. h5 a4 31. Bf4 g6 32. hxg6 Bxg6 33. e5 Bxf5 34. gxf5 Kd5 35. exf6 Ke4 36. Bc7 Kxf5 37. Bd8 Ke6 38. c3 Kd7 39. Bb6 Bd6 40. Kc2 Ke6 41. Bd8 Kf7 42. Kb2 c4 43. Be7 Bxe7 44. fxe7 Kxe7 45. Kc2 Kd6 46. Kd2 Kd5 47. Ke3 1/2-1/2

[Event "RUS-ch Higher League 66th"]
[Site "Ekaterinburg"]
[Date "2013.06.26"]
[Round "6"]
[White "Ulanov, Alexandr"]
[Black "Kruchev, Boris"]
[Result "1/2-1/2"]
[WhiteElo "2425"]
[BlackElo "2272"]
[PlyCount "125"]
[EventDate "2013.06.20"]
[EventType "swiss"]
[EventRounds "9"]
[EventCountry "RUS"]
[SourceTitle "CBM 155"]
[Source "ChessBase"]
[SourceDate "2013.07.16"]
[SourceVersion "1"]
[SourceVersionDate "2013.07.16"]
[SourceQuality "1"]

1. e4 e5 2. Nf3 Nc6 3. d4 exd4 4. Bc4 Nf6 5. e5 d5 6. Bb5 Ne4 7. Nxd4 Bd7 8. Bxc6 bxc6 9. 0-0 Bc5 10. f3 Ng5 11. f4 Ne4 12. Be3 0-0 13. Nd2 Nxd2 14. Qxd2 f6 15. Nb3 Bb6 16. Bc5 Rf7 17. Rae1 fxe5 18. fxe5 Rxf1+ 19. Rxf1 Qe7 20. Qd4 Re8 21. Bxe7 Bxd4+ 22. Nxd4 Rxe7 23. e6 Bxe6 24. Re1 Kf7 25. Nxc6 Re8 26. Nxa7 Bd7 27. Rxe8 Kxe8 28. b4 Ba4 29. Kf2 Kd7 30. Ke3 c5 31. c4 dxc4 32. b5 Kc7 33. Kd2 Kb7 34. Nc6 Kc7 35. Na7 Kb6 36. Nc8+ Kc7 37. Ne7 Bxb5 38. Kc3 Kd7 39. Nf5 g6 40. Ne3 Ke6 41. Nxc4 Kd5 42. Nb2 g5 43. a4 Bf1 44. g3 Ba6 45. Nd3 Bc8 46. Nf2 Bd7 47. a5 Bc8 48. Nd3 Ba6 49. Nf2 Bc8 50. Nd3 Kc6 51. Ne5+ Kb5 52. Nf7 Kxa5 53. Nxg5 Bf5 54. Nf7 Kb6 55. Nd6 Be6 56. Ne4 Kc6 57. Ng5 Bf5 58. g4 Bb1 59. h4 Kd5 60. h5 Ke5 61. Kc4 Kd6 62. Nf7+ Kc6 63. Nd8+ 1/2-1/2

[Event "RUS-ch Higher League 66th"]
[Site "Ekaterinburg"]
[Date "2013.06.24"]
[Round "5"]
[White "Kruchev, Boris"]
[Black "Yuferev, Oleg"]
[Result "1/2-1/2"]
[WhiteElo "2272"]
[BlackElo "2284"]
[PlyCount "35"]
[EventDate "2013.06.20"]
[EventType "swiss"]
[EventRounds "9"]
[EventCountry "RUS"]
[SourceTitle "CBM 155"]
[Source "ChessBase"]
[SourceDate "2013.07.16"]
[SourceVersion "1"]
[SourceVersionDate "2013.07.16"]
[SourceQuality "1"]

1. d4 d5 2. c4 c6 3. cxd5 cxd5 4. Nf3 Nf6 5. Nc3 Nc6 6. Bf4 Bf5 7. e3 e6 8. Bd3 Bxd3 9. Qxd3 Bd6 10. Bxd6 Qxd6 11. 0-0 0-0 12. Rfc1 Rfc8 13. h3 h6 14. Nb5 Qd7 15. Nc3 Qd6 16. Nb5 Qd7 17. Nc3 Qd6 18. Nb5 1/2-1/2

[Event "Nalchik SKFO-ch"]
[Site "Nalchik"]
[Date "2013.03.15"]
[Round "2"]
[White "Poliushkina, Darjia"]
[Black "Kruchev, Boris"]
[Result "0-1"]
[WhiteElo "1960"]
[BlackElo "2265"]
[PlyCount "104"]
[EventDate "2013.03.13"]
[EventType "swiss"]
[EventRounds "9"]
[EventCountry "RUS"]
[SourceTitle "CBM 153 Extra"]
[Source "ChessBase"]
[SourceDate "2013.04.22"]
[SourceVersion "1"]
[SourceVersionDate "2013.04.22"]
[SourceQuality "1"]

1. e4 c5 2. Nf3 e6 3. c4 Nc6 4. Be2 Nf6 5. Nc3 d5 6. exd5 exd5 7. d4 dxc4 8. d5 Nb4 9. Bxc4 Bd6 10. 0-0 0-0 11. a3 Na6 12. Bg5 h6 13. Bh4 Re8 14. Qd3 g5 15. Bg3 Nc7 16. Rae1 a6 17. a4 Rxe1 18. Rxe1 Bxg3 19. fxg3 Nce8 20. Qe3 Qd6 21. Nd2 Bf5 22. h4 gxh4 23. Qxh6 Qxg3 24. Re3 Qg7 25. Qxg7+ Kxg7 26. Nde4 Nxe4 27. Nxe4 Bxe4 28. Rxe4 Nd6 29. Rxh4 Re8 30. Bd3 Re5 31. b4 Rxd5 32. bxc5 Rxd3 33. cxd6 Rxd6 34. Rb4 b6 35. Kf2 Kf6 36. Ke3 Ke5 37. g4 Kd5 38. Rf4 f6 39. Rf5+ Kc4 40. g5 fxg5 41. Rxg5 Kb3 42. Rg4 b5 43. axb5 axb5 44. Rg8 b4 45. Rb8 Kc3 46. Rc8+ Kb2 47. Ke2 b3 48. Ra8 Kc2 49. Rc8+ Kb1 50. Ra8 b2 51. Ra7 Rd5 52. Ra6 Kc2 0-1

[Event "Stavropol Region-ch"]
[Site "Kislovodsk"]
[Date "2011.09.17"]
[Round "8"]
[White "Kruchev, Boris"]
[Black "Tekeyev, Zaur"]
[Result "1-0"]
[WhiteElo "2220"]
[BlackElo "2171"]
[PlyCount "217"]
[EventDate "2011.09.09"]
[EventType "swiss"]
[EventRounds "9"]
[EventCountry "RUS"]
[SourceTitle "EXT 2022"]
[Source "ChessBase"]
[SourceDate "2021.10.06"]
[SourceVersion "1"]
[SourceVersionDate "2021.10.06"]
[SourceQuality "1"]

1. e4 e6 2. d4 d5 3. Nd2 Nc6 4. Ngf3 Nf6 5. e5 Nd7 6. Be2 f6 7. exf6 Qxf6 8. Nf1 Bd6 9. Ne3 0-0 10. 0-0 h6 11. c4 dxc4 12. Nxc4 e5 13. Nxd6 cxd6 14. dxe5 dxe5 15. Be3 Nb6 16. Bxb6 axb6 17. Qd2 Bf5 18. Qe3 Nd4 19. Bc4+ Kh8 20. Rac1 Rfe8 21. a3 Rad8 22. Rc3 Bg4 23. Nd2 Nf5 24. Qe1 Nd4 25. Ne4 Qe7 26. f3 Bf5 27. Kh1 b5 28. Bd3 b4 29. axb4 Qxb4 30. Qb1 Bxe4 31. Bxe4 Qd6 32. Bxb7 Rb8 33. Be4 Qb4 34. Bg6 Rf8 35. Rf2 Qxc3 36. bxc3 Rxb1+ 37. Bxb1 Rc8 38. Ra2 Kg8 39. Bg6 Kf8 40. h4 Rxc3 41. Ra7 Rc8 42. Rf7+ Kg8 43. Re7 Nc6 44. Re6 Kf8 45. Be4 Ne7 46. Rxe5 Kf7 47. Rb5 Rc7 48. Kh2 Rd7 49. Rb6 Rd2 50. Kh3 Rd1 51. Kg4 Rd2 52. g3 Ra2 53. Bd3 Ra4+ 54. Kh3 Rd4 55. Bc2 Rd8 56. Bb3+ Kf8 57. Be6 g6 58. Rb7 Re8 59. Bb3 Rc8 60. Kg4 Rc5 61. Kf4 Rc3 62. Ba2 Rc5 63. g4 Ra5 64. Bb3 Rc5 65. Rd7 Rb5 66. Be6 Ra5 67. Rb7 Rc5 68. g5 hxg5+ 69. hxg5 Nd5+ 70. Ke5 Nc7+ 71. Kf6 Rc6 72. Rb8+ Ne8+ 73. Ke5 Rc5+ 74. Kd4 Rc7 75. Ke5 Ke7 76. Bd5 Ra7 77. Be4 Ra5+ 78. Kf4 Ra4 79. Kg3 Ra5 80. Kg4 Ra4 81. Kg3 Ra5 82. f4 Ra6 83. Kg4 Re6 84. Bd5 Ra6 85. Bc4 Rd6 86. Rb7+ Kd8 87. Rh7 Nc7 88. Rg7 Rd4 89. Bf7 Rd7 90. Rg8+ Ke7 91. Bxg6 Rd4 92. Rg7+ Kd6 93. Bf7 Rd1 94. Bb3 Rg1+ 95. Kf5 Nb5 96. Ba4 Nd4+ 97. Ke4 Ne6 98. Rd7+ Kc5 99. Kf5 Nd4+ 100. Kg6 Rg4 101. Rf7 Kd6 102. Kh5 Rg2 103. Rd7+ Kc5 104. Rf7 Kd6 105. Be8 Ke6 106. Rf6+ Ke7 107. Ba4 Rh2+ 108. Kg6 Rg2 109. Bc6 1-0

[Event "Stavropol Region-ch"]
[Site "Kislovodsk"]
[Date "2011.09.15"]
[Round "6"]
[White "Kruchev, Boris"]
[Black "Potapov, Alexander"]
[Result "1-0"]
[WhiteElo "2220"]
[BlackElo "2241"]
[PlyCount "93"]
[EventDate "2011.09.09"]
[EventType "swiss"]
[EventRounds "9"]
[EventCountry "RUS"]
[SourceTitle "EXT 2022"]
[Source "ChessBase"]
[SourceDate "2021.10.06"]
[SourceVersion "1"]
[SourceVersionDate "2021.10.06"]
[SourceQuality "1"]

1. e4 e5 2. Nf3 Nc6 3. Bb5 a6 4. Ba4 Nf6 5. 0-0 b5 6. Bb3 Bc5 7. c3 d6 8. d4 Bb6 9. a4 Bg4 10. Be3 Rb8 11. axb5 axb5 12. Na3 0-0 13. Nxb5 Re8 14. Re1 exd4 15. cxd4 Rxe4 16. Qc2 Nb4 17. Qc4 Nbd5 18. Nc3 Nxc3 19. Qxf7+ Kh8 20. bxc3 Re7 21. Qc4 Bxf3 22. gxf3 Qe8 23. Qd3 Qh5 24. Bf4 Rxe1+ 25. Rxe1 Nd5 26. Bg3 Ba5 27. Bxd5 Qxd5 28. c4 Qh5 29. Re4 Kg8 30. Kg2 Qf7 31. Rh4 g6 32. Rf4 Qe6 33. d5 Qd7 34. Bh4 Rf8 35. Bf6 Bb6 36. Bg5 Rxf4 37. Bxf4 Qf5 38. Qe4 Kf7 39. Bh6 Bc5 40. h4 Bb4 41. Bg5 Qe5 42. Bd8 Ba5 43. Qxe5 dxe5 44. d6 cxd6 45. Bxa5 h5 46. Kf1 Ke6 47. Ke2 1-0

[Event "Stavropol Region-ch"]
[Site "Kislovodsk"]
[Date "2011.09.12"]
[Round "3"]
[White "Lyahov, Pavel"]
[Black "Kruchev, Boris"]
[Result "1/2-1/2"]
[WhiteElo "2094"]
[BlackElo "2220"]
[PlyCount "69"]
[EventDate "2011.09.09"]
[EventType "swiss"]
[EventRounds "9"]
[EventCountry "RUS"]
[SourceTitle "EXT 2022"]
[Source "ChessBase"]
[SourceDate "2021.10.06"]
[SourceVersion "1"]
[SourceVersionDate "2021.10.06"]
[SourceQuality "1"]

1. d4 Nf6 2. c4 c5 3. e3 g6 4. Nf3 Bg7 5. Nc3 0-0 6. Be2 cxd4 7. Nxd4 d5 8. cxd5 Nxd5 9. Nxd5 Qxd5 10. Bf3 Qa5+ 11. Bd2 Qb6 12. Bc3 e5 13. Nb3 Be6 14. 0-0 Nc6 15. Nd2 Rfd8 16. Qa4 f5 17. Bxc6 bxc6 18. Nf3 Rd5 19. Ng5 Bd7 20. Rfd1 Rd8 21. Rxd5 cxd5 22. Qh4 h6 23. Nf3 g5 24. Qb4 Qxb4 25. Bxb4 g4 26. Ne1 Rc8 27. Rd1 Be6 28. b3 h5 29. Kf1 Kf7 30. Ke2 h4 31. Nd3 e4 32. Nf4 Rc2+ 33. Rd2 Rxd2+ 34. Bxd2 a6 35. Ba5 1/2-1/2

[Event "Voronezh op-A 15th"]
[Site "Voronezh"]
[Date "2011.06.18"]
[Round "6"]
[White "Kruchev, Boris"]
[Black "Duong, Thanh Binh"]
[Result "1-0"]
[WhiteElo "2256"]
[BlackElo "2088"]
[PlyCount "104"]
[EventDate "2011.06.12"]
[EventType "swiss"]
[EventRounds "9"]
[EventCountry "RUS"]
[SourceTitle "CBM 143 Extra"]
[Source "ChessBase"]
[SourceDate "2011.08.29"]
[SourceVersion "1"]
[SourceVersionDate "2011.08.29"]
[SourceQuality "1"]

1. d4 Nf6 2. Nf3 g6 3. Bf4 d6 4. e3 Bg7 5. h3 c5 6. c3 Qb6 7. Qb3 Be6 8. Qxb6 axb6 9. a3 0-0 10. Nbd2 Bd5 11. Bd3 Nh5 12. Bh2 f5 13. 0-0 Nd7 14. Rfe1 e5 15. dxe5 Nxe5 16. Be2 f4 17. e4 Bc6 18. Nc4 Nxc4 19. Bxc4+ Kh8 20. Ng5 b5 21. Bd5 Bxd5 22. exd5 Rf5 23. Ne6 Be5 24. Nc7 Ra5 25. b4 cxb4 26. cxb4 Bxa1 27. bxa5 Bc3 28. Rd1 b4 29. g4 fxg3 30. fxg3 bxa3 31. g4 Rg5 32. Nb5 Bb2 33. Nxd6 Kg8 34. Ne4 Rxd5 35. Rxd5 a2 36. Rd1 Nf6 37. Nc5 Bd4+ 38. Kh1 Bxc5 39. Ra1 Bb4 40. Rxa2 h5 41. gxh5 gxh5 42. Rg2+ Kf7 43. Rg5 Ke6 44. Rb5 Nd5 45. Kg2 Bd2 46. Kf3 Bb4 47. Bg3 Bd2 48. Bh2 Bb4 49. Bg1 Be1 50. Be3 Kd6 51. Bf2 Bb4 52. Rxb7 Nf6 1-0

[Event "Voronezh op-A 15th"]
[Site "Voronezh"]
[Date "2011.06.13"]
[Round "2"]
[White "Klyuev, Alexander S"]
[Black "Kruchev, Boris"]
[Result "1-0"]
[WhiteElo "2067"]
[BlackElo "2256"]
[PlyCount "61"]
[EventDate "2011.06.12"]
[EventType "swiss"]
[EventRounds "9"]
[EventCountry "RUS"]
[SourceTitle "CBM 143 Extra"]
[Source "ChessBase"]
[SourceDate "2011.08.29"]
[SourceVersion "1"]
[SourceVersionDate "2011.08.29"]
[SourceQuality "1"]

1. c4 c5 2. Nc3 Nf6 3. g3 d5 4. cxd5 Nxd5 5. Bg2 Nc7 6. Qa4+ Bd7 7. Qb3 Nc6 8. Qxb7 Nd4 9. Qe4 Rc8 10. e3 Nf5 11. Nge2 e6 12. 0-0 Be7 13. d4 0-0 14. Rd1 Nd6 15. Qd3 c4 16. Qc2 Na6 17. a3 Qb6 18. e4 Nb7 19. Be3 Na5 20. h4 Nb3 21. Rab1 Rfd8 22. Nc1 Na5 23. e5 Qb8 24. Be4 h6 25. Qe2 Be8 26. Qg4 Kh8 27. N1e2 Nc7 28. Nf4 Bf8 29. Nh5 Nc6 30. Bg5 hxg5 31. Nf6 1-0

[Event "Yuzhny FO-ch op"]
[Site "Armavir"]
[Date "2010.03.??"]
[Round "8"]
[White "Frolov, Andrei"]
[Black "Kruchev, Boris"]
[Result "1-0"]
[WhiteElo "2181"]
[BlackElo "2241"]
[PlyCount "88"]
[EventDate "2010.03.??"]
[EventType "swiss"]
[EventRounds "9"]
[EventCountry "RUS"]
[SourceTitle "CBM 135 Extra"]
[Source "ChessBase"]
[SourceDate "2010.05.04"]
[SourceVersion "1"]
[SourceVersionDate "2010.05.04"]
[SourceQuality "1"]

1. Nf3 d5 2. g3 c6 3. Bg2 Nf6 4. d3 Bg4 5. 0-0 Nbd7 6. Nbd2 e5 7. e4 d4 8. h3 Bh5 9. Qe1 Be7 10. Nh2 g5 11. Nb3 h6 12. c3 Nc5 13. Nxc5 Bxc5 14. c4 Be7 15. f4 gxf4 16. gxf4 Nd7 17. Nf3 Rg8 18. Kh1 Nc5 19. Nxe5 Bh4 20. Qd2 Qe7 21. Nf3 0-0-0 22. b4 Ne6 23. f5 Bxf3 24. Rxf3 Ng5 25. f6 Qd6 26. Rf4 Bg3 27. Rf5 Be5 28. c5 Qc7 29. a4 Ne6 30. b5 Nxc5 31. Qc2 cxb5 32. axb5 Nd7 33. Qa2 Rg3 34. Bxh6 Rxd3 35. Qxf7 Kb8 36. Qa2 a5 37. bxa6 Qc3 38. axb7 Rxh3+ 39. Bxh3 Qxh3+ 40. Kg1 Qg3+ 41. Qg2 Qxg2+ 42. Kxg2 Bxf6 43. Rb5 Be5 44. Ra8+ Kc7 1-0

[Event "Yuzhny FO-ch op"]
[Site "Armavir"]
[Date "2010.03.??"]
[Round "3"]
[White "Pushkov, Nikolai"]
[Black "Kruchev, Boris"]
[Result "1/2-1/2"]
[WhiteElo "2487"]
[BlackElo "2241"]
[PlyCount "61"]
[EventDate "2010.03.??"]
[EventType "swiss"]
[EventRounds "9"]
[EventCountry "RUS"]
[SourceTitle "CBM 135 Extra"]
[Source "ChessBase"]
[SourceDate "2010.05.04"]
[SourceVersion "1"]
[SourceVersionDate "2010.05.04"]
[SourceQuality "1"]

1. c4 Nf6 2. Nc3 e5 3. Nf3 Nc6 4. g3 Nd4 5. Bg2 Nxf3+ 6. Bxf3 Bc5 7. e3 Qe7 8. 0-0 e4 9. Bg2 0-0 10. d3 exd3 11. Qxd3 a6 12. b3 Rb8 13. Bb2 b5 14. Nd5 Nxd5 15. cxd5 Bb7 16. Rac1 f6 17. Be4 h6 18. Bh7+ Kh8 19. Bf5 Bd6 20. e4 c6 21. Qf3 cxd5 22. exd5 Be5 23. Rfe1 Qf7 24. Bc3 Bxd5 25. Qd3 Rbc8 26. Bb4 Rxc1 27. Rxc1 Rd8 28. Bg6 Qe6 29. Bf5 Qf7 30. Bg6 Qe6 31. Bf5 1/2-1/2

[Event "Moscow op-B"]
[Site "Moscow"]
[Date "2010.02.07"]
[Round "9.22"]
[White "Petrosyan, Tigran S"]
[Black "Kruchev, Boris"]
[Result "1-0"]
[WhiteElo "2191"]
[BlackElo "2284"]
[PlyCount "72"]
[EventDate "2010.01.30"]
[EventType "swiss"]
[EventRounds "9"]
[EventCountry "RUS"]
[SourceTitle "EXT 2023"]
[Source "ChessBase"]
[SourceDate "2022.10.05"]
[SourceVersion "1"]
[SourceVersionDate "2022.10.05"]
[SourceQuality "1"]

1. e4 e5 2. Nf3 Nc6 3. Bb5 a6 4. Bxc6 dxc6 5. 0-0 f6 6. d4 Bg4 7. c3 Bd6 8. Be3 Ne7 9. Nbd2 Ng6 10. Qb3 Qc8 11. dxe5 Nxe5 12. Nxe5 Bxe5 13. f4 Be6 14. Qd1 Bd6 15. f5 Bf7 16. Qg4 Rg8 17. Nb3 Bxb3 18. axb3 Qd7 19. Qh5+ Qf7 20. Qxf7+ Kxf7 21. Bf4 Rge8 22. Rae1 Rad8 23. g3 Re7 24. Kg2 Be5 25. Kf3 g5 26. fxg6+ hxg6 27. Rf2 Ke6 28. h4 Rh7 29. Kg4 Rd3 30. Ref1 Rf7 31. Rf3 Rxf3 32. Rxf3 Rd7 33. Rf2 Rd1 34. Kf3 b5 35. b4 Ra1 36. Rd2 Bd6 1-0

[Event "Stavropol Region-ch"]
[Site "Kislovodsk"]
[Date "2009.10.11"]
[Round "?"]
[White "Rogachevskyy, Olexander"]
[Black "Kruchev, Boris"]
[Result "1/2-1/2"]
[WhiteElo "2078"]
[BlackElo "2078"]
[PlyCount "35"]
[EventDate "2009.10.03"]
[EventType "swiss"]
[EventRounds "9"]
[EventCountry "RUS"]
[SourceTitle "EXT 2022"]
[Source "ChessBase"]
[SourceDate "2021.10.06"]
[SourceVersion "1"]
[SourceVersionDate "2021.10.06"]
[SourceQuality "1"]

1. d4 Nf6 2. Nf3 e6 3. c4 c5 4. e3 a6 5. Nc3 cxd4 6. Nxd4 Qc7 7. Be2 Nc6 8. 0-0 Be7 9. b3 d6 10. Bb2 Bd7 11. Qd2 0-0 12. Rac1 Rfd8 13. e4 Ne5 14. f4 Nc6 15. f5 Ne5 16. Kh1 Re8 17. Qf4 Rad8 18. g4 1/2-1/2

[Event "Stavropol Region-ch"]
[Site "Kislovodsk"]
[Date "2009.10.09"]
[Round "7"]
[White "Fazulyanov, Sergey"]
[Black "Kruchev, Boris"]
[Result "1/2-1/2"]
[WhiteElo "2270"]
[BlackElo "2366"]
[PlyCount "36"]
[EventDate "2009.10.03"]
[EventType "swiss"]
[EventRounds "9"]
[EventCountry "RUS"]
[SourceTitle "EXT 2022"]
[Source "ChessBase"]
[SourceDate "2021.10.06"]
[SourceVersion "1"]
[SourceVersionDate "2021.10.06"]
[SourceQuality "1"]

1. e4 c5 2. Nf3 d6 3. d4 cxd4 4. Nxd4 Nf6 5. Nc3 a6 6. Bg5 e6 7. f4 Nbd7 8. Qf3 Qc7 9. 0-0-0 b5 10. a3 Bb7 11. Bd3 Be7 12. Qh3 Qb6 13. Nf3 Rc8 14. f5 e5 15. Rhe1 b4 16. axb4 Qxb4 17. g4 Qa5 18. Kb1 Nc5 1/2-1/2